Vybrané problémy diagnostiky šedej ekonomiky diplomová práca

Guardado en:
Detalles Bibliográficos
Autor principal: Sivá, Denisa
Autor Corporativo: Fakulta podnikového manažmentu EU. Katedra podnikovohospodárska
Otros Autores: Neumannová, Anna
Formato: Libro
Lenguaje:eslovaco
Publicado: Bratislava 2014
Etiquetas: Agregar Etiqueta
Sin Etiquetas, Sea el primero en etiquetar este registro!

MARC

LEADER 00000nbm a2200000 4500
001 0188108
005 20170201093219.5
041 0 |a slo 
044 |a SK 
245 1 0 |a Vybrané problémy diagnostiky šedej ekonomiky  |b diplomová práca  |c Denisa Sivá ; školiteľ: Anna Neumannová 
264 1 |a Bratislava  |c 2014 
300 |a 86 s. 
100 1 |a Sivá, Denisa 
700 1 |a Neumannová, Anna 
710 2 |a Fakulta podnikového manažmentu EU. Katedra podnikovohospodárska